000 004980000a22001930004500
001 001082
003 MACL
005 20151021104450.0
008 151021b xxu||||| |||| 00| 0 eng d
040 _aMACL
_cMACL
041 _aEnglish
082 _a954.04/NAY
100 _aNayar, Sunil
_916059
245 _aMahatma Gandhi V-8
_bFinal Fight for Freedom
_cSunil Nayar
260 _aAhmedabad
_c1997
_bNavjivan Publishing House,
350 _a500
650 _aHistory
_916060
942 _k954
_cBK
_2ddc
999 _c1077
_d1077